[Event "FISU World University"]
[Site "Tornelo INT"]
[Date "2020.10.28"]
[Round "8.19"]
[White "Bail, Ellen Larissa"]
[Black "Pulpan, Matej"]
[Result "0-1"]
[WhiteElo "1848"]
[BlackElo "2077"]
[PlyCount "76"]
[EventDate "2020.10.26"]
[EventType "team-swiss (rapid)"]
[EventRounds "9"]
[EventCountry "NET"]
[SourceTitle "CBM 199 Extra"]
[Source "ChessBase"]
[SourceDate "2021.01.31"]
[SourceVersion "1"]
[SourceVersionDate "2021.01.31"]
[SourceQuality "1"]
[WhiteTeam "Brazil II"]
[BlackTeam "Czech Republic"]
[WhiteTeamCountry "BRA"]
[BlackTeamCountry "CZE"]

1. d4 Nf6 2. c4 g6 3. Nc3 Bg7 4. Nf3 0-0 5. Bg5 d6 6. e3 Nc6 7. Be2 Bf5 8. 0-0 Ne4 9. Nxe4 Bxe4 10. Rc1 f6 11. Bh4 e5 12. Nd2 Bf5 13. d5 Ne7 14. b4 h5 15. f3 g5 16. Bf2 Ng6 17. Qb3 Kh7 18. Rfd1 g4 19. e4 Nf4 20. Bf1 Bg6 21. c5 gxf3 22. gxf3 Bh6 23. Kh1 Rg8 24. Rc2 f5 25. b5 b6 26. cxd6 cxd6 27. Rc6 fxe4 28. fxe4 Qf6 29. Qf3 h4 30. Bh3 Bh5 31. Rc7+ Kh8 32. Qa3 Bxd1 33. Bf5 Ng6 34. Be1 Ne7 35. Qh3 Nxf5 36. exf5 Qg5 37. Bf2 Qxd2 38. Qxh4 Bf3# 0-1

[Event "CZE-chT1E 1819"]
[Site "Czech Republic"]
[Date "2018.11.25"]
[Round "3.4"]
[White "Movsesian, Julia"]
[Black "Pulpan, Matej"]
[Result "1/2-1/2"]
[WhiteElo "2324"]
[BlackElo "2067"]
[PlyCount "47"]
[EventDate "2018.10.21"]
[EventType "team-tourn"]
[EventRounds "11"]
[EventCountry "CZE"]
[SourceTitle "CBM 187 Extra"]
[Source "ChessBase"]
[SourceDate "2018.11.04"]
[SourceVersion "1"]
[SourceVersionDate "2018.11.04"]
[SourceQuality "1"]
[WhiteTeam "Trinec"]
[BlackTeam "Polabiny III"]
[WhiteTeamCountry "CZE"]
[BlackTeamCountry "CZE"]

1. e4 e6 2. d4 d5 3. Nd2 c5 4. exd5 Qxd5 5. dxc5 Bxc5 6. Ngf3 Nf6 7. Bc4 Qh5 8. 0-0 0-0 9. Nb3 Bb6 10. Qe2 Nc6 11. Bf4 Bd7 12. h3 Rfe8 13. Rfe1 Nb4 14. Qd2 Nc6 15. Bg5 Rad8 16. Qf4 e5 17. Qg3 Kh8 18. Be2 Ne4 19. Nxe5 Qxe2 20. Nxf7+ Kg8 21. Rxe2 Nxg3 22. Rd2 Ne4 23. Bxd8 Nxd2 24. Nxd2 1/2-1/2

[Event "CZE-chT U18 Extraliga Ost 1718"]
[Site "Czech Republic"]
[Date "2018.01.20"]
[Round "6.4"]
[White "Richterova, Julie"]
[Black "Pulpan, Matej"]
[Result "0-1"]
[WhiteElo "1736"]
[BlackElo "2067"]
[PlyCount "66"]
[EventDate "2017.10.07"]
[EventType "team-tourn"]
[EventRounds "11"]
[EventCountry "CZE"]
[SourceTitle "EXT 2023"]
[Source "ChessBase"]
[SourceDate "2022.10.05"]
[SourceVersion "1"]
[SourceVersionDate "2022.10.05"]
[SourceQuality "1"]
[WhiteTeam "Kurim (U18)"]
[BlackTeam "Polabiny (U18)"]
[WhiteTeamCountry "CZE"]
[BlackTeamCountry "CZE"]

1. Nf3 Nf6 2. c4 g6 3. Nc3 Bg7 4. e4 d6 5. d4 0-0 6. Be2 Nc6 7. d5 Ne5 8. Nxe5 dxe5 9. Be3 e6 10. 0-0 exd5 11. cxd5 b6 12. Rc1 Bb7 13. f3 a6 14. Qb3 Qd6 15. Rfd1 Nd7 16. Nb1 Rfd8 17. Nd2 Rac8 18. Nc4 Qf6 19. d6 cxd6 20. Rxd6 Qe7 21. Bxb6 Nxb6 22. Rxb6 Qc5+ 23. Kf1 Bc6 24. Rd1 Rxd1+ 25. Qxd1 Bb5 26. b4 Qc7 27. Rd6 Bxc4 28. Bxc4 Qxc4+ 29. Kg1 Bf8 30. Rd5 Qxb4 31. h3 Bh6 32. Kh2 Bf4+ 33. g3 Qb2+ 0-1

[Event "Prague Summer op 4th"]
[Site "Prague"]
[Date "2017.08.11"]
[Round "9"]
[White "Pulpan, Matej"]
[Black "Nehyba, Martin"]
[Result "1/2-1/2"]
[WhiteElo "2054"]
[BlackElo "1875"]
[PlyCount "80"]
[EventDate "2017.08.04"]
[EventType "swiss"]
[EventRounds "9"]
[EventCountry "CZE"]
[SourceTitle "CBM 179 Extra"]
[Source "ChessBase"]
[SourceDate "2017.08.23"]
[SourceVersion "1"]
[SourceVersionDate "2017.08.23"]
[SourceQuality "1"]

1. e4 c5 2. c3 d5 3. exd5 Qxd5 4. d4 e5 5. Nf3 Nc6 6. Nxe5 Nxe5 7. dxe5 Qxe5+ 8. Be3 Nf6 9. Bb5+ Bd7 10. Bxd7+ Nxd7 11. 0-0 Be7 12. Re1 Rd8 13. Qa4 0-0 14. Qxa7 Bd6 15. g3 Qd5 16. Qa4 Ne5 17. Rd1 Nf3+ 18. Kh1 Nd4+ 19. Kg1 Nf3+ 20. Kh1 Qh5 21. Kg2 b5 22. Qc2 Bxg3 23. Nd2 Nxd2 24. Rxd2 Qxh2+ 25. Kf3 Rxd2 26. Qxd2 Bc7 27. Qd5 Qh3+ 28. Ke2 Qg4+ 29. Kf1 Bh2 30. Rd1 Re8 31. Qd7 Qxd7 32. Rxd7 f6 33. Bxc5 Be5 34. Rb7 Rb8 35. Rxb8+ Bxb8 36. b3 Kf7 37. a4 bxa4 38. bxa4 Bc7 39. c4 Ke6 40. Kg2 h5 1/2-1/2

[Event "Prague Summer op 4th"]
[Site "Prague"]
[Date "2017.08.07"]
[Round "5"]
[White "Pulpan, Matej"]
[Black "Mikes, Jan"]
[Result "0-1"]
[WhiteElo "2054"]
[BlackElo "2253"]
[PlyCount "110"]
[EventDate "2017.08.04"]
[EventType "swiss"]
[EventRounds "9"]
[EventCountry "CZE"]
[SourceTitle "CBM 179 Extra"]
[Source "ChessBase"]
[SourceDate "2017.08.23"]
[SourceVersion "1"]
[SourceVersionDate "2017.08.23"]
[SourceQuality "1"]

1. e4 c5 2. c3 Qa5 3. Qc2 Nc6 4. Nf3 d6 5. Be2 Nf6 6. 0-0 e5 7. d3 Be7 8. h3 d5 9. Nbd2 h6 10. exd5 Nxd5 11. Nb3 Qc7 12. d4 cxd4 13. cxd4 Ndb4 14. Qc3 Nd5 15. Qc2 exd4 16. Nbxd4 0-0 17. Nxc6 bxc6 18. Bd2 a5 19. Nd4 c5 20. Nf5 Bf6 21. Bc4 Be6 22. Rac1 Rfd8 23. Rfe1 Qd7 24. Ng3 Bd4 25. Bc3 Nf4 26. Bxe6 Nxe6 27. Rcd1 Qd5 28. Nf5 Rd7 29. a3 a4 30. Ne3 Qg5 31. Qf5 Qxf5 32. Nxf5 Rad8 33. Kf1 Kh7 34. Ke2 g6 35. Ng3 Rb7 36. Ne4 Rdb8 37. Nd6 Rxb2+ 38. Bxb2 Rxb2+ 39. Kd3 Kg7 40. Rb1 Rxf2 41. Rb7 Nf4+ 42. Kc4 Nxg2 43. Ree7 g5 44. Rxf7+ Rxf7 45. Rxf7+ Kg6 46. Rf3 Ne1 47. Rf8 Nc2 48. Nb5 h5 49. Kd3 Bg7 50. Ra8 Ne1+ 51. Ke4 g4 52. hxg4 h4 53. Ke3 h3 54. Ra6+ Kh7 55. Rd6 h2 0-1

[Event "Pardubice op rapid 28th"]
[Site "Pardubice"]
[Date "2017.07.19"]
[Round "3"]
[White "Pulpan, Matej"]
[Black "Farmani Anosheh, Yasha"]
[Result "1-0"]
[WhiteElo "2091"]
[BlackElo "2170"]
[PlyCount "89"]
[EventDate "2017.07.19"]
[EventType "swiss (rapid)"]
[EventRounds "9"]
[EventCountry "CZE"]
[SourceTitle "CBM 179 Extra"]
[Source "ChessBase"]
[SourceDate "2017.08.23"]
[SourceVersion "1"]
[SourceVersionDate "2017.08.23"]
[SourceQuality "1"]

1. e4 e5 2. Nf3 Nc6 3. d4 exd4 4. Nxd4 Nf6 5. Nc3 Bb4 6. Nxc6 bxc6 7. Bd3 d5 8. exd5 cxd5 9. 0-0 0-0 10. Bg5 c6 11. Qf3 Bd6 12. Ne2 Bg4 13. Bxf6 Bxf3 14. Bxd8 Bxe2 15. Bxe2 Rfxd8 16. b3 Bb4 17. Rad1 Re8 18. Bf3 Rac8 19. Rd3 Re6 20. Bg4 Rce8 21. Bxe6 Rxe6 22. Re3 Rxe3 23. fxe3 Bc5 24. Kf2 f5 25. Kf3 Kf7 26. c4 Ke6 27. cxd5+ cxd5 28. Rc1 Bb6 29. Rc8 h5 30. Kf4 Kf6 31. h4 d4 32. Rc6+ Kf7 33. exd4 Bxd4 34. Kxf5 Bf2 35. Rc7+ Kf8 36. Ke6 Kg8 37. Rc4 Kh7 38. Kf7 Kh6 39. a4 Be3 40. b4 g5 41. Rc6+ Kh7 42. hxg5 Bxg5 43. Rc5 Kh6 44. a5 Be3 45. Rc6+ 1-0

[Event "Pardubice op rapid 28th"]
[Site "Pardubice"]
[Date "2017.07.19"]
[Round "1"]
[White "Pulpan, Matej"]
[Black "Nagy, Gabor"]
[Result "0-1"]
[WhiteElo "2091"]
[BlackElo "2452"]
[PlyCount "54"]
[EventDate "2017.07.19"]
[EventType "swiss (rapid)"]
[EventRounds "9"]
[EventCountry "CZE"]
[SourceTitle "CBM 179 Extra"]
[Source "ChessBase"]
[SourceDate "2017.08.23"]
[SourceVersion "1"]
[SourceVersionDate "2017.08.23"]
[SourceQuality "1"]

1. e4 c5 2. c3 d5 3. exd5 Qxd5 4. d4 Nf6 5. Nf3 e6 6. Be2 a6 7. 0-0 Nbd7 8. Be3 Qc6 9. Qb3 Be7 10. Ne5 Nxe5 11. dxe5 Nd5 12. Bf3 c4 13. Qc2 0-0 14. Be4 h6 15. Qc1 Qc7 16. Bxh6 Qxe5 17. Re1 f5 18. Bxd5 Qxd5 19. Bg5 Bc5 20. Nd2 e5 21. b3 cxb3 22. Nxb3 Bd6 23. c4 Qc6 24. c5 Bc7 25. Qc3 a5 26. a4 Be6 27. Bf4 Qd5 0-1

[Event "CZE-ch U16"]
[Site "Kouty nad Desnou"]
[Date "2017.03.18"]
[Round "9"]
[White "Pulpan, Matej"]
[Black "Miesbauer, Jan"]
[Result "1/2-1/2"]
[WhiteElo "2051"]
[BlackElo "2191"]
[PlyCount "133"]
[EventDate "2017.03.11"]
[EventType "swiss"]
[EventRounds "9"]
[EventCountry "CZE"]
[SourceTitle "CBM 177 Extra"]
[Source "ChessBase"]
[SourceDate "2017.04.27"]
[SourceVersion "1"]
[SourceVersionDate "2017.04.27"]
[SourceQuality "1"]

1. d4 Nf6 2. Nf3 g6 3. Nc3 d5 4. Bf4 Bg7 5. e3 0-0 6. Be2 c5 7. Ne5 Nc6 8. 0-0 Bf5 9. g4 Be6 10. h3 Rc8 11. Bf3 Nd7 12. Nxd5 Ndxe5 13. dxe5 Nxe5 14. Bg2 b6 15. c3 Qd7 16. Bxe5 Bxe5 17. f4 Bg7 18. f5 Bxd5 19. Qxd5 Qc7 20. Qb7 Qe5 21. Qe4 gxf5 22. Qxe5 Bxe5 23. gxf5 Kg7 24. Rad1 Rcd8 25. Bf3 Kf6 26. Bg4 Kg5 27. Rxd8 Rxd8 28. Rd1 Rg8 29. Kf2 Bd6 30. Rg1 Kh4 31. Be2 Rxg1 32. Kxg1 Kxh3 33. Kf2 Kh4 34. Kf3 Kg5 35. e4 Bf4 36. Bc4 f6 37. Bf1 Bc1 38. b4 Bd2 39. bxc5 bxc5 40. c4 Bc3 41. Be2 Be5 42. Bd3 h5 43. Be2 h4 44. Bf1 Kh6 45. Kg4 Bg3 46. Bd3 Kg7 47. Bc2 Kf7 48. Ba4 e6 49. Bd7 exf5+ 50. exf5 Ke7 51. Bb5 Kd6 52. a4 Be1 53. Kh3 Kc7 54. Kg4 Kb6 55. Kh3 Ka5 56. Bc6 Kb4 57. Bb5 Kb3 58. Kg4 Kc2 59. Kh3 Kd3 60. Kg4 Ke4 61. Bc6+ Kd4 62. Bb5 Ke5 63. Bd7 Kd6 64. Bb5 Kc7 65. Kh3 Kb6 66. Kg4 Ka5 67. Bc6 1/2-1/2

[Event "CZE-ch U16"]
[Site "Kouty nad Desnou"]
[Date "2017.03.14"]
[Round "5"]
[White "Mladek, Richard"]
[Black "Pulpan, Matej"]
[Result "1/2-1/2"]
[WhiteElo "2110"]
[BlackElo "2051"]
[PlyCount "87"]
[EventDate "2017.03.11"]
[EventType "swiss"]
[EventRounds "9"]
[EventCountry "CZE"]
[SourceTitle "CBM 177 Extra"]
[Source "ChessBase"]
[SourceDate "2017.04.27"]
[SourceVersion "1"]
[SourceVersionDate "2017.04.27"]
[SourceQuality "1"]

1. d4 Nf6 2. c4 g6 3. Nc3 Bg7 4. e4 d6 5. Be2 Nc6 6. Bg5 e5 7. d5 Ne7 8. h4 h5 9. Nf3 Bg4 10. Nd2 Bxe2 11. Qxe2 Qd7 12. f3 Nh7 13. Be3 f5 14. c5 Nf6 15. cxd6 cxd6 16. Qb5 fxe4 17. fxe4 Ng4 18. Bg5 a6 19. Qxd7+ Kxd7 20. Na4 Nc8 21. Nc4 Rb8 22. 0-0 Rf8 23. Rxf8 Bxf8 24. Rf1 Ke8 25. Nab6 Nxb6 26. Nxb6 Be7 27. Rc1 Bd8 28. Nc4 Be7 29. Kf1 b5 30. Na5 Bxg5 31. hxg5 Ne3+ 32. Kg1 Kd7 33. Rc6 Rf8 34. Rxa6 Rf1+ 35. Kh2 Rf2 36. Ra7+ Ke8 37. Ra8+ Kf7 38. Ra7+ Ke8 39. Ra8+ Kd7 40. Ra7+ Kc8 41. Kg3 Rxb2 42. Nc6 Nxg2 43. Ne7+ Kb8 44. Nc6+ 1/2-1/2

[Event "CZE-chT2D 1516"]
[Site "Czech Republic"]
[Date "2016.04.03"]
[Round "10.5"]
[White "Daniel, Jiri"]
[Black "Pulpan, Matej"]
[Result "1/2-1/2"]
[WhiteElo "1956"]
[BlackElo "1923"]
[PlyCount "34"]
[EventDate "2015.10.18"]
[EventType "team-tourn"]
[EventRounds "11"]
[EventCountry "CZE"]
[SourceTitle "EXT 2022"]
[Source "ChessBase"]
[SourceDate "2021.10.06"]
[SourceVersion "1"]
[SourceVersionDate "2021.10.06"]
[SourceQuality "1"]
[WhiteTeam "Rychnov nad Kneznou"]
[BlackTeam "Polabiny III"]
[WhiteTeamCountry "CZE"]
[BlackTeamCountry "CZE"]

1. e4 e6 2. g3 d5 3. Bg2 Nf6 4. Nc3 c5 5. d3 Nc6 6. Bd2 Be7 7. Nf3 b6 8. 0-0 Bb7 9. exd5 exd5 10. d4 0-0 11. Be3 Re8 12. h3 h6 13. Re1 Bf8 14. Ne2 c4 15. Nc3 a6 16. a4 Bd6 17. Qd2 Kh7 1/2-1/2

[Event "Hradec Kralove op"]
[Site "Hradec Kralove"]
[Date "2015.10.06"]
[Round "3"]
[White "Pulpan, Matej"]
[Black "Skorna, Ullrich"]
[Result "1/2-1/2"]
[WhiteElo "1937"]
[BlackElo "2123"]
[PlyCount "67"]
[EventDate "2015.10.04"]
[EventType "swiss"]
[EventRounds "9"]
[EventCountry "CZE"]
[SourceTitle "CBM 168 Extra"]
[Source "ChessBase"]
[SourceDate "2015.10.29"]
[SourceVersion "1"]
[SourceVersionDate "2015.10.29"]
[SourceQuality "1"]

1. e4 e6 2. d4 d5 3. e5 c5 4. c3 Nc6 5. Nf3 Nh6 6. a3 cxd4 7. cxd4 f6 8. b4 Nf7 9. Bb2 f5 10. Bd3 Be7 11. 0-0 0-0 12. Nbd2 Bd7 13. Rc1 Kh8 14. Nb3 g5 15. Nc5 Rb8 16. b5 Na5 17. Bc3 Nc4 18. Bxc4 dxc4 19. Bb4 b6 20. Nxd7 Qxd7 21. Bxe7 Qxe7 22. Rxc4 g4 23. Nd2 Qxa3 24. Ra4 Qe7 25. Qa1 Rb7 26. d5 Qc5 27. dxe6 Ng5 28. Rxa7 Rxa7 29. Qxa7 Nxe6 30. Qd7 Qxe5 31. Nc4 Qe2 32. Nd6 f4 33. Nf7+ Kg8 34. Nh6+ 1/2-1/2

[Event "Prague Summer op-B 2nd"]
[Site "Prague"]
[Date "2015.08.11"]
[Round "6"]
[White "Pulpan, Matej"]
[Black "Nehyba, Martin"]
[Result "0-1"]
[WhiteElo "1861"]
[BlackElo "1799"]
[PlyCount "88"]
[EventDate "2015.08.07"]
[EventType "swiss"]
[EventRounds "9"]
[EventCountry "CZE"]
[SourceTitle "EXT 2017"]
[Source "ChessBase"]
[SourceDate "2016.10.25"]
[SourceVersion "1"]
[SourceVersionDate "2016.10.25"]
[SourceQuality "1"]

1. e4 c5 2. c3 d5 3. exd5 Qxd5 4. d4 e5 5. dxe5 Qxd1+ 6. Kxd1 Nc6 7. Bf4 Nge7 8. Nf3 Ng6 9. Bg3 Bg4 10. Bb5 Ngxe5 11. Bxc6+ Nxc6 12. Nbd2 0-0-0 13. Ke2 Bd6 14. Bxd6 Rxd6 15. Rhe1 Ne5 16. h3 Nxf3 17. Nxf3 Re6+ 18. Kd3 Bxf3 19. Rxe6 fxe6 20. gxf3 Rf8 21. Ke3 Kd7 22. Rd1+ Ke7 23. Ke4 b6 24. Rd3 g5 25. Rd1 Rf4+ 26. Ke3 Rh4 27. Rh1 h5 28. b3 g4 29. fxg4 hxg4 30. Kf4 Rxh3 31. Rxh3 gxh3 32. Kg3 Kf6 33. Kxh3 Kf5 34. Kg3 Ke4 35. f4 b5 36. Kg4 c4 37. Kg5 a6 38. b4 Ke3 39. a3 Ke4 40. Kf6 Kxf4 41. Kxe6 Ke4 42. Kd6 Kd3 43. Kc6 Kxc3 44. Kb6 Kb3 0-1

[Event "Prague Summer op-B 2nd"]
[Site "Prague"]
[Date "2015.08.10"]
[Round "5"]
[White "Vlasak, Reinhard"]
[Black "Pulpan, Matej"]
[Result "1/2-1/2"]
[WhiteElo "2044"]
[BlackElo "1861"]
[PlyCount "43"]
[EventDate "2015.08.07"]
[EventType "swiss"]
[EventRounds "9"]
[EventCountry "CZE"]
[SourceTitle "EXT 2017"]
[Source "ChessBase"]
[SourceDate "2016.10.25"]
[SourceVersion "1"]
[SourceVersionDate "2016.10.25"]
[SourceQuality "1"]

1. e4 e6 2. d4 d5 3. Nc3 Bb4 4. Bd3 Nf6 5. e5 Nfd7 6. Qg4 Kf8 7. Bg5 f6 8. exf6 Nxf6 9. Nge2 Nxg4 10. Bxd8 c5 11. dxc5 Bxc5 12. 0-0 Nc6 13. Bh4 g6 14. h3 Nge5 15. Bf6 Rg8 16. Rad1 Kf7 17. Bxe5 Nxe5 18. Rfe1 Nxd3 19. Rxd3 Re8 20. Rf3+ Kg7 21. Nf4 Bd7 22. Nd3 1/2-1/2

[Event "Prague Summer op-B 2nd"]
[Site "Prague"]
[Date "2015.08.09"]
[Round "3"]
[White "Carlile, Orison"]
[Black "Pulpan, Matej"]
[Result "1-0"]
[WhiteElo "2054"]
[BlackElo "1861"]
[PlyCount "79"]
[EventDate "2015.08.07"]
[EventType "swiss"]
[EventRounds "9"]
[EventCountry "CZE"]
[SourceTitle "EXT 2017"]
[Source "ChessBase"]
[SourceDate "2016.10.25"]
[SourceVersion "1"]
[SourceVersionDate "2016.10.25"]
[SourceQuality "1"]

1. e4 e6 2. d4 d5 3. exd5 exd5 4. c4 c6 5. Nc3 Be6 6. cxd5 Bxd5 7. Nxd5 cxd5 8. Qe2+ Be7 9. Qb5+ Nc6 10. Nf3 Bb4+ 11. Bd2 Bxd2+ 12. Nxd2 Qe7+ 13. Be2 Nf6 14. 0-0 0-0 15. Nb3 a6 16. Qd3 Nb4 17. Qd1 a5 18. a3 a4 19. Nc5 Nc6 20. Bb5 Nxd4 21. Qxd4 Ra5 22. Rfe1 Qc7 23. Rac1 Rxb5 24. Ne6 Qd6 25. Nxf8 Qxf8 26. Re2 Ra5 27. Qb4 Qxb4 28. axb4 Ra8 29. Re7 g6 30. Rxb7 a3 31. bxa3 Rxa3 32. Rb1 d4 33. Rb8+ Kg7 34. Rd8 d3 35. f3 Nh5 36. g3 Kf6 37. b5 Ke7 38. Rd4 Nf6 39. b6 Nd7 40. Rxd7+ 1-0

[Event "CZE-chT U20 Extraliga final-A 1415"]
[Site "Czech Republic"]
[Date "2015.04.26"]
[Round "11.5"]
[White "Pulpan, Matej"]
[Black "Filip, Vojtech"]
[Result "0-1"]
[WhiteElo "1939"]
[BlackElo "1950"]
[PlyCount "116"]
[EventDate "2014.10.11"]
[EventType "team-tourn"]
[EventRounds "11"]
[EventCountry "CZE"]
[SourceTitle "EXT 2021"]
[Source "ChessBase"]
[SourceDate "2020.10.23"]
[SourceVersion "1"]
[SourceVersionDate "2020.10.23"]
[SourceQuality "1"]
[WhiteTeam "Polabiny (U20)"]
[BlackTeam "Vlasim (U20)"]
[WhiteTeamCountry "CZE"]
[BlackTeamCountry "CZE"]

1. e4 c6 2. Nf3 d5 3. Nc3 dxe4 4. Nxe4 Nd7 5. Bc4 e6 6. Qe2 Ngf6 7. Neg5 Nb6 8. Ne5 Nxc4 9. Qxc4 Qd5 10. Qxd5 exd5 11. Nexf7 Rg8 12. 0-0 Bf5 13. Re1+ Kd7 14. Ne5+ Kc7 15. d3 h6 16. Ngf3 Re8 17. Bd2 c5 18. c3 g5 19. h3 Rg7 20. d4 b6 21. Be3 Bd6 22. a3 c4 23. Rad1 Ne4 24. Nd2 Nf6 25. Nef3 Reg8 26. g4 Bc8 27. Ne5 Nd7 28. Nxd7 Bxd7 29. f3 b5 30. Kg2 a5 31. Bf2 Kc6 32. Bg3 Bf8 33. Re5 Re7 34. Rde1 Rxe5 35. Rxe5 b4 36. axb4 axb4 37. Nf1 Rg6 38. Ne3 Be6 39. Nf5 bxc3 40. bxc3 Ba3 41. h4 Kb5 42. h5 Rf6 43. f4 Ka4 44. fxg5 hxg5 45. Be1 Bc1 46. Kh3 Kb3 47. Ng7 Rf3+ 48. Kg2 Bxg4 49. Rxd5 Rf7 50. Kg3 Bd7 51. h6 Bf4+ 52. Kf2 g4 53. Ke2 Bxh6 54. Nh5 g3 55. Bxg3 Bg4+ 56. Ke1 Kxc3 57. Bf2 Bd2+ 58. Kf1 Be3 0-1